<?xml version="1.0" encoding="UTF-8"?>
<record
    xmlns:xsi="http://www.w3.org/2001/XMLSchema-instance"
    xsi:schemaLocation="http://www.loc.gov/MARC21/slim http://www.loc.gov/standards/marcxml/schema/MARC21slim.xsd"
    xmlns="http://www.loc.gov/MARC21/slim">

  <leader>03726    a2200193   4500</leader>
  <controlfield tag="001">59372</controlfield>
  <controlfield tag="005">20260407155848.0</controlfield>
  <controlfield tag="008">260407a1971    arg                 spa d</controlfield>
  <controlfield tag="003">AR-UNSa-BCEJYS</controlfield>
  <datafield tag="040" ind1=" " ind2=" ">
    <subfield code="a">AR-UNSa-BCEJYS</subfield>
    <subfield code="b">spa</subfield>
    <subfield code="c">AR-UNSa-BCEJYS</subfield>
  </datafield>
  <datafield tag="080" ind1=" " ind2=" ">
    <subfield code="a">338.2(8)</subfield>
    <subfield code="x">Pol&#xED;tica econ&#xF3;mica. Control de la econom&#xED;a. gesti&#xF3;n de la econom&#xED;a. planificaci&#xF3;n econ&#xF3;mica en Am&#xE9;rica Latina</subfield>
  </datafield>
  <datafield tag="245" ind1="1" ind2="0">
    <subfield code="a">La industria naval en la ALALC</subfield>
  </datafield>
  <datafield tag="264" ind1=" " ind2="1">
    <subfield code="a">Buenos Aires :</subfield>
    <subfield code="b">BID/INTAL (Banco Interamericano de Desarrollo. Instituto para la integraci&#xF3;n de Am&#xE9;rica Latina)</subfield>
    <subfield code="c">1971</subfield>
  </datafield>
  <datafield tag="300" ind1=" " ind2=" ">
    <subfield code="a">635 p.</subfield>
    <subfield code="c">23 cm.</subfield>
  </datafield>
  <datafield tag="505" ind1=" " ind2=" ">
    <subfield code="a">1. Antecedentes relacionados con el estudio y perspectivas de la industria naval en la ALALC &#x2013; 2. Potencial naviero de cada pa&#xED;s de la ALALC, su desarrollo y tendencias. Sectores empresarios (Estatales y privados), tipos de barcos, tama&#xF1;os, edades promedio &#x2013; 3. Estado actual del desarrollo de las Marinas de Guerra, flotas pesqueras y embarcaciones auxiliares &#x2013; 4. Determinaci&#xF3;n tentativa de la demanda potencial en materia de reposici&#xF3;n y aumento en funci&#xF3;n de los diferentes tipos de tr&#xE1;fico (cabotaje, fluvial, zonal, extrazonal) y de las cargas (general, refrigerada, graneles y combustibles l&#xED;quidos) &#x2013; 5. Estimaci&#xF3;n de las necesidades de actividades conexas en relaci&#xF3;n a la industria naval: pesca, dragado, plataformas, remolcadores, marina de guerra, embarcaciones auxiliares (lanchas motorizadas, faluchos o gabarras), etc&#xE9;tera &#x2013; 6. Planes en marcha y proyectados en materia de reposici&#xF3;n y aumento de las flotas. Su relaci&#xF3;n con el comercio exterior y las necesidades internas &#x2013; 7. Modalidades adoptadas para encarar las negociaciones y puesta en pr&#xE1;ctica de los planes de construcci&#xF3;n de barcos o incorporaci&#xF3;n de unidades de segunda mano en cada pa&#xED;s. Efecto de las pol&#xED;ticas comerciales (convenios gubernamentales, extrazonales, colaboraci&#xF3;n de organismos internacionales de financiaci&#xF3;n, etc&#xE9;tera) &#x2013; 8. Pol&#xED;ticas empleadas por cada pa&#xED;s de la ALALC en materia de desarrollo de su potencial naviero, en relaci&#xF3;n a su propia industria naval y a los talleres de reparaciones &#x2013; 9. Argentina &#x2013; 10. Brasil &#x2013; 11. Chile &#x2013; 12. Colombia &#x2013; 13. Ecuador &#x2013; 14. M&#xE9;xico &#x2013; 15. Paraguay &#x2013; 16. Per&#xFA; &#x2013; 17. Uruguay &#x2013; 18. Venezuela &#x2013; 19. R&#xE9;gimen impositivo de la industria naval. Est&#xED;mulos fiscales. R&#xE9;gimen financiero y bancario Ad Hoc o com&#xFA;n en cada pa&#xED;s &#x2013; 20. Origen de los capitales necesarios para el cumplimiento de los planes de instalaci&#xF3;n y desarrollo de cada establecimiento: posici&#xF3;n del estado en cada caso. R&#xE9;gimen de licencias o royalties para construcciones o fabricaciones &#x2013; 21. Autoridades con jurisdicci&#xF3;n sobre la industria naval en cada pa&#xED;s &#x2013; 22. Posibilidad de sustituci&#xF3;n de importaciones actuales desde pa&#xED;ses extrazonales; capacidad de producci&#xF3;n nacional de materiales, elementos e instrumentos que se emplean en la construcci&#xF3;n naval. Las industrias complementarias y el grado de nacionalizaci&#xF3;n &#x2013; 23. Situaci&#xF3;n de los precios, condiciones competitivas generales y comparaci&#xF3;n con los precios internacionales &#x2013; 24. Formaci&#xF3;n de ingenieros y t&#xE9;cnicos navales. Los estudios t&#xE9;cnicos independientes &#x2013; 25. Disponibilidad de mano de obra para la industria naval y su capacitaci&#xF3;n t&#xE9;cnica &#x2013; 26. Capacidad de la industria naval de los pa&#xED;ses de la ALALC. Producci&#xF3;n de barcos nuevos, modernizaciones reparaciones, etc&#xE9;tera &#x2013; 27. Importaci&#xF3;n y exportaci&#xF3;n de barcos &#x2013; 28. Otras cifras globales de la situaci&#xF3;n zonal - </subfield>
  </datafield>
  <datafield tag="942" ind1=" " ind2=" ">
    <subfield code="c">BK</subfield>
  </datafield>
  <datafield tag="590" ind1=" " ind2=" ">
    <subfield code="a">niveau_biblio:m niveau_hierar:0</subfield>
  </datafield>
  <datafield tag="100" ind1="1" ind2=" ">
    <subfield code="a">Banco Interamericano de Desarrollo. Instituto para la Integraci&#xF3;n de Am&#xE9;rica Latina (BID-INTAL)</subfield>
  </datafield>
  <datafield tag="999" ind1=" " ind2=" ">
    <subfield code="c">6665</subfield>
    <subfield code="d">6665</subfield>
  </datafield>
  <datafield tag="952" ind1=" " ind2=" ">
    <subfield code="0">0</subfield>
    <subfield code="1">0</subfield>
    <subfield code="4">0</subfield>
    <subfield code="7">0</subfield>
    <subfield code="a">BCEJYS</subfield>
    <subfield code="b">BCEJYS</subfield>
    <subfield code="c">16</subfield>
    <subfield code="d">2026-04-07</subfield>
    <subfield code="l">0</subfield>
    <subfield code="o">338.2(8) B213i</subfield>
    <subfield code="p">L44079</subfield>
    <subfield code="r">2026-04-07 15:58:48</subfield>
    <subfield code="w">2026-04-07</subfield>
    <subfield code="y">L</subfield>
  </datafield>
</record>
